000 00722nam a22002292 4500
001 0000020631
005 20151217152218.0
008 110929s xx 000 0 eng d
020 _a0393324311 :
040 _aKABU
_cKABU
100 1 _aGleiser, Marcelo.
_@0000181089
245 1 4 _aThe Prophet and the astronomer :
_ba scientific journey to the end of time /
_cMarcelo Gleiser.
250 _a1st ed.
260 _aNew York :
_bW. W. Norton,
_c2001.
300 _axiv, 320 p.
650 0 _aCosmology.
_@0000153755
650 0 _aReligion and Science.
_@0000148531
650 0 _aEnd of the universe.
_@0000181090
852 1 _9p2790 KES
908 _a110929
950 _@1
999 _c9427
_d9427